<?xml version="1.0" encoding="UTF-8"?><?xml-stylesheet type="text/xsl" href="static/style.xsl"?><OAI-PMH xmlns="http://www.openarchives.org/OAI/2.0/" xmlns:xsi="http://www.w3.org/2001/XMLSchema-instance" xsi:schemaLocation="http://www.openarchives.org/OAI/2.0/ http://www.openarchives.org/OAI/2.0/OAI-PMH.xsd"><responseDate>2026-04-14T18:27:59Z</responseDate><request verb="GetRecord" identifier="oai:uvadoc.uva.es:10324/53" metadataPrefix="marc">https://uvadoc.uva.es/oai/request</request><GetRecord><record><header><identifier>oai:uvadoc.uva.es:10324/53</identifier><datestamp>2021-06-23T16:35:14Z</datestamp><setSpec>com_10324_30605</setSpec><setSpec>com_10324_894</setSpec><setSpec>col_10324_41</setSpec></header><metadata><record xmlns="http://www.loc.gov/MARC21/slim" xmlns:doc="http://www.lyncode.com/xoai" xmlns:xsi="http://www.w3.org/2001/XMLSchema-instance" xmlns:dcterms="http://purl.org/dc/terms/" xsi:schemaLocation="http://www.loc.gov/MARC21/slim http://www.loc.gov/standards/marcxml/schema/MARC21slim.xsd">
<leader>00925njm 22002777a 4500</leader>
<datafield tag="042" ind1=" " ind2=" ">
<subfield code="a">dc</subfield>
</datafield>
<datafield tag="720" ind1=" " ind2=" ">
<subfield code="a">Mínguez Conde, José Luis</subfield>
<subfield code="e">author</subfield>
</datafield>
<datafield tag="260" ind1=" " ind2=" ">
<subfield code="c">2005</subfield>
</datafield>
<datafield tag="520" ind1=" " ind2=" ">
<subfield code="a">Tras un repaso de la literatura existente sobre la predicción de las crisis empresariales, se presenta un trabajo eminentemente empírico, que toma como base el paradigma utilitarista de la contabilidad. &#xd;
Así, sobre una muestra emparejada, lo suficientemente amplia como para cumplir una serie de propiedades estasdísticas, y que contiene empresas solventes e inmersas en un expediente de quiebra o suspensión de pagos, se analízale proceso de fracaso empresarial. El período temporal analizado es de cinco años. &#xd;
En concreto, se realiza el análisis de un sector del que nunca antes se había publicado trabajo alguno de esta índole, el de la construcción.&#xd;
Las técnicas econométricas aplicadas, el modelo de regresión logística logia, y el de supervivencia de Cox, arrojan una serie de resultados sobre los que se extraen las conclusiones finales.</subfield>
</datafield>
<datafield tag="024" ind2=" " ind1="8">
<subfield code="a">http://uvadoc.uva.es/handle/10324/53</subfield>
</datafield>
<datafield tag="024" ind2=" " ind1="8">
<subfield code="a">b1435138</subfield>
</datafield>
<datafield tag="024" ind2=" " ind1="8">
<subfield code="a">10.35376/10324/53</subfield>
</datafield>
<datafield ind1=" " ind2=" " tag="653">
<subfield code="a">Empresas Constructoras-Contabilidad</subfield>
</datafield>
<datafield ind1=" " ind2=" " tag="653">
<subfield code="a">Quiebra</subfield>
</datafield>
<datafield ind1=" " ind2=" " tag="653">
<subfield code="a">Modelos econométricos</subfield>
</datafield>
<datafield ind1=" " ind2=" " tag="653">
<subfield code="a">Logits</subfield>
</datafield>
<datafield tag="245" ind1="0" ind2="0">
<subfield code="a">La información contable en la empresa constructora: factores identificativos del fracaso empresarial</subfield>
</datafield>
</record></metadata></record></GetRecord></OAI-PMH>